बोमदिला / (Record no. 117411)

MARC details
000 -LEADER
fixed length control field 01107nam a22002777a 4500
003 - CONTROL NUMBER IDENTIFIER
control field dpl
005 - DATE AND TIME OF LATEST TRANSACTION
control field 20180721134112.0
008 - FIXED-LENGTH DATA ELEMENTS--GENERAL INFORMATION
fixed length control field 180721b xxu||||| |||| 00| 0 eng d
010 ## - LIBRARY OF CONGRESS CONTROL NUMBER
LC control number A-814232
020 ## - INTERNATIONAL STANDARD BOOK NUMBER
Terms of availability 100.00
International Standard Book Number 8171350143
035 ## - SYSTEM CONTROL NUMBER
System control number A-814232, A-814242
037 ## - SOURCE OF ACQUISITION
Source of stock number/acquisition Cen Lib/Ret
040 ## - CATALOGING SOURCE
Original cataloging agency DPL
Language of cataloging HN
Transcribing agency 0
082 ## - DEWEY DECIMAL CLASSIFICATION NUMBER
Classification number
Item number बिनिवा
100 ## - MAIN ENTRY--PERSONAL NAME
Personal name बिनिवाले, अविनाश
9 (RLIN) 71788
245 ## - TITLE STATEMENT
Title बोमदिला /
Statement of responsibility, etc अविनाश बिनिवाले
246 ## - VARYING FORM OF TITLE
Title proper/short title Bomdila /
Remainder of title by Avinash Biniwala
260 ## - PUBLICATION, DISTRIBUTION, ETC. (IMPRINT)
Place of publication, distribution, etc नई दिल्ली
Name of publisher, distributor, etc विधा प्रकाशन मंदिर
Date of publication, distribution, etc 1996
270 ## - ADDRESS
Address 1681, दरियागंज
City नई दिल्ली
Postal code 110002
300 ## - PHYSICAL DESCRIPTION
Extent 136पृ. :
Dimensions 21सेमी(सजिल्द)
Other physical details सचित्र
650 ## - SUBJECT ADDED ENTRY--TOPICAL TERM
Topical term or geographic name as entry element हिंदी साहित्य
9 (RLIN) 71789
650 ## - SUBJECT ADDED ENTRY--TOPICAL TERM
Topical term or geographic name as entry element हिंदी साहित्य--उपन्यास
9 (RLIN) 1009
650 ## - SUBJECT ADDED ENTRY--TOPICAL TERM
Topical term or geographic name as entry element Hindi literature
9 (RLIN) 71790
650 ## - SUBJECT ADDED ENTRY--TOPICAL TERM
Topical term or geographic name as entry element Hindi literature--Novel
9 (RLIN) 71791
942 ## - ADDED ENTRY ELEMENTS (KOHA)
Source of classification or shelving scheme Dewey Decimal Classification
Koha item type Hindi Books
Classification part
Call number suffix बिनिवा
Holdings
Withdrawn status Lost status Damaged status Not for loan Home library Current library Date acquired Source of acquisition Cost, normal purchase price Total Checkouts Full call number Barcode Date last seen Copy number Cost, replacement price Price effective from Koha item type Source of classification or shelving scheme Collection code
        Central Library Central Library 27/08/2015 Cen Lib/Ret 100.00   उ बिनिवा A-814232 27/08/2015 1 100.00 27/08/2015 Hindi Books    
        Shahdara Branch Shahdara Branch 21/07/2018 BPPD/PUB 100.00   उ बिनिवा A-814242 21/07/2018   100.00 21/07/2018 Hindi Books Dewey Decimal Classification Fiction

© Delhi Public Library
Hit Counter
free hit counter